Lukáš Miffek : s klapkami na uších : 20.2.-6.4.2014 /

Main Author: Miffek, Lukáš, 1978-
Corporate Author: Výstavní síň (Chrudim, Česko)
Other Authors: Tučková, Kateřina, 1980-
Language: Czech
Published: [Chrudim] : Chrudimská beseda, 2014
Online Access: Digitalizovaný dokument
Physical Description: 40 nečíslovaných stran : barevné ilustrace ; 15 x 21 cm
Book
Saved in:
LEADER 01860nam a2200493 i 4500
001 nkc20223438935
003 CZ PrNK
005 20220822090442.0
007 ta
008 220727s2014 xr a e c 000 0dcze
020 |q (Brožováno) 
040 |a BOA001  |b cze  |e rda 
043 |a e-xr--- 
045 |a y0y1 
072 7 |a 75  |x Malířství  |2 Konspekt  |9 21 
080 |a 75(437.3)  |2 MRF 
080 |a 75.036/.038  |2 MRF 
080 |a (437.3)  |2 MRF 
080 |a (083.824)  |2 MRF 
100 1 |a Miffek, Lukáš,  |d 1978-  |7 mzk2005279261  |4 art 
245 1 0 |a Lukáš Miffek :  |b s klapkami na uších : 20.2.-6.4.2014 /  |c texty Kateřina Tučková 
246 3 0 |a S klapkami na uších 
264 1 |a [Chrudim] :  |b Chrudimská beseda,  |c 2014 
300 |a 40 nečíslovaných stran :  |b barevné ilustrace ;  |c 15 x 21 cm 
336 |a text  |b txt  |2 rdacontent 
336 |a statický obraz  |b sti  |2 rdacontent 
337 |a bez média  |b n  |2 rdamedia 
338 |a svazek  |b nc  |2 rdacarrier 
500 |a Výstava se konala ve Výstavní síni Chrudim 
500 |a Životopisná data a přehled výstav 
600 1 7 |a Miffek, Lukáš,  |d 1978-  |7 mzk2005279261  |2 czenas 
648 4 |a 2009-2014 
648 7 |a 21. století  |7 ch460559  |2 czenas 
650 0 7 |a české malířství  |7 ph116864  |y 21. století  |2 czenas 
650 0 7 |a moderní malířství  |7 ph122940  |z Česko  |2 czenas 
655 7 |a katalogy výstav  |7 fd132536  |2 czenas 
700 1 |a Tučková, Kateřina,  |d 1980-  |7 mzk2006348534  |4 wfw 
710 2 |a Výstavní síň (Chrudim, Česko)  |7 pag2010575177  |4 orm 
856 4 1 |u http://www.digitalniknihovna.cz/mzk/uuid/uuid:4410d3f0-4c8c-11ee-8ba3-5ef3fc9bb22f  |y Digitalizovaný dokument  |x NDK 
910 2 |a BOA001  |b 2-1488.829 
990 |a BK 
995 |a 61 
991 |b 202208 
996 6 |b 2610911068  |c 2-1488.829  |l MZK  |r Sklad / do 1 hodiny  |n 0  |p dar  |w 001895065  |u 000010  |a 1  |e BOA001  |j MZK50  |s P